Homestuck Acts & Intermissions - Statistics

General Stats
  • This quiz has been taken 20 times
  • The average score is 12 of 31
Answer Stats
Hint Answer % Correct
EOA5 Cascade.
67%
Act 1 The Note Desolation Plays
67%
Intermission Don't Bleed on the Suits.
56%
Act 4 Flight of the Paradox Clones
56%
Act 3 Insane Corkscrew Haymakers
56%
Act 2 Raise of the Conductor's Baton
56%
ACT 6 ACT 6 ACT 6 Collide.
44%
ACT 6 ACT 6 ACT 3 GOD'S GIFT TO THE YAOIS
44%
Act 5 Act 2 He is already here.
44%
ACT 6 ACT 6 ACT 1 HOMOSUCK
44%
Act 5 Act 1 MOB1US DOUBL3 R34CH4ROUND
44%
ACT 6 ACT 6 INTERMISSION 5 She's 8ack
44%
Intermission 2 The Man in the Cairo Overcoat.
44%
Act 6 Intermission 3 Ballet of the Dancestors
33%
Act 6 Intermission 1 corpse party
33%
ACT 6 ACT 6 ACT 4 DARK NIGHT OF THE FEELINGS
33%
Act 6 Intermission 4 Dead
33%
ACT 6 ACT 6 INTERMISSION 4 F1X TH1S
33%
ACT 6 ACT 6 INTERMISSION 3 GAME OVER
33%
Act 6 Intermission 5 I'M PUTTING YOU ON SPEAKER CRAB.
33%
ACT 6 ACT 6 ACT 2 LOSHIT
33%
Act 6 Act 3 Nobles
33%
Act 6 Act 5 Of Gods and Tricksters
33%
Act 6 Intermission 2 penis ouija
33%
ACT 6 ACT 6 INTERMISSION 2 theres problems
33%
Act 6 Act 1 Through Broken Glass
33%
Act 6 Act 4 Void
33%
Act 6 Act 2 Your shit is wrecked.
33%
ACT 6 ACT 6 ACT 5 MASTERPIECE
22%
ACT 6 ACT 6 INTERMISSION 1 Stardust
22%
Act 7 The Rapture
22%
No matching quizzes found
Score Distribution
Percent of People with Each Score
Percentile by Number Answered
Your Score History
You have not taken this quiz